00861nam a22002297a 450000500170000001000150001702000250003202000230005703500140008003700130009408200110010710000300011824500670014825000120021526000570022727000960028430000340038050000500041494200250046499900190048995201230050820170303152242.0 aENG-117385 a978939219680c615.00 a9339219686c615.00 aEN-100917 bDBAD/PUB a004.21 aVallathai, Shibu Kizhakke aIntroduction to embedded systems/cby Shibu Kizhakke Vallathai a2nd ed. aChennaibMcGraw Hill Education Private Limitedc2017 a444/1, Sri Ekambara Naicker Industrial Estate, Alapakkam,PorurbChennai (Tamilnadu)e600116 axvii,735p. :c24cm (pbk)bill aIncludes bibliographical references and index 2ddccENh004.21mVAL c137947d137947 001040708NFICaBL1bBL1d2017-03-02eDBAD/PUBg615.00l0o004.21 VALpEN-100917r2017-03-02 00:00:00t1v615.00yEN